<?xml version="1.0" encoding="UTF-8"?><?xml-stylesheet type="text/xsl" href="static/style.xsl"?><OAI-PMH xmlns="http://www.openarchives.org/OAI/2.0/" xmlns:xsi="http://www.w3.org/2001/XMLSchema-instance" xsi:schemaLocation="http://www.openarchives.org/OAI/2.0/ http://www.openarchives.org/OAI/2.0/OAI-PMH.xsd"><responseDate>2026-06-29T23:02:12Z</responseDate><request verb="GetRecord" identifier="oai:riubu.ubu.es:10259/7468" metadataPrefix="marc">https://riubu.ubu.es/oai/request</request><GetRecord><record><header><identifier>oai:riubu.ubu.es:10259/7468</identifier><datestamp>2023-04-17T08:25:12Z</datestamp><setSpec>com_10259_6171</setSpec><setSpec>com_10259_5086</setSpec><setSpec>com_10259_2604</setSpec><setSpec>col_10259_6172</setSpec></header><metadata><record xmlns="http://www.loc.gov/MARC21/slim" xmlns:doc="http://www.lyncode.com/xoai" xmlns:xsi="http://www.w3.org/2001/XMLSchema-instance" xmlns:dcterms="http://purl.org/dc/terms/" xsi:schemaLocation="http://www.loc.gov/MARC21/slim http://www.loc.gov/standards/marcxml/schema/MARC21slim.xsd">
<leader>00925njm 22002777a 4500</leader>
<datafield tag="042" ind1=" " ind2=" ">
<subfield code="a">dc</subfield>
</datafield>
<datafield tag="720" ind1=" " ind2=" ">
<subfield code="a">Revilla Cuesta, Víctor</subfield>
<subfield code="e">author</subfield>
</datafield>
<datafield tag="720" ind1=" " ind2=" ">
<subfield code="a">Evangelista, Luís</subfield>
<subfield code="e">author</subfield>
</datafield>
<datafield tag="720" ind1=" " ind2=" ">
<subfield code="a">Brito, Jorge de</subfield>
<subfield code="e">author</subfield>
</datafield>
<datafield tag="720" ind1=" " ind2=" ">
<subfield code="a">Skaf Revenga, Marta</subfield>
<subfield code="e">author</subfield>
</datafield>
<datafield tag="720" ind1=" " ind2=" ">
<subfield code="a">Manso Villalaín, Juan Manuel</subfield>
<subfield code="e">author</subfield>
</datafield>
<datafield tag="260" ind1=" " ind2=" ">
<subfield code="c">2022-05</subfield>
</datafield>
<datafield tag="520" ind1=" " ind2=" ">
<subfield code="a">Estimating the shrinkage of structural concrete is essential to calculate, at the design stage, the stresses that a&#xd;
structure may experience due to this phenomenon. Nevertheless, changes in composition, as well as the use of&#xd;
wastes as raw materials, alter the shrinkage behaviour of concrete and render invalid shrinkage-prediction&#xd;
models from the standards. This paper shows a procedure to estimate the shrinkage of recycled aggregate&#xd;
concrete made with alternative binders. This procedure is based on modifying the shrinkage estimated through&#xd;
the Eurocode 2 or ACI 209.2R models by multiplying it by a partial correction coefficient for every change in&#xd;
concrete composition. The application of this procedure to high-performance and self-compacting concretes&#xd;
made with various contents of recycled aggregate of different maturity, reactive magnesium oxide and ground&#xd;
granulated blast furnace slag showed that it is suitable for estimating long-term shrinkage with maximum deviations of ±10%. However, to obtain an adequate accuracy, it is necessary to bear in mind some tips, such as the&#xd;
need to consider the prediction interactions between the factors, the usefulness of the natural logarithm of the&#xd;
concrete age to improve the estimation accuracy or the convenience of introducing a concrete-age-dependent&#xd;
coefficient to reach accurate shrinkage estimations at early ages. Finally, the partial correction coefficients are&#xd;
found to be of a simpler nature for the ACI 209.2R model, so this model is recommended for predicting the&#xd;
shrinkage of recycled aggregate concrete.</subfield>
</datafield>
<datafield tag="024" ind2=" " ind1="8">
<subfield code="a">0958-9465</subfield>
</datafield>
<datafield tag="024" ind2=" " ind1="8">
<subfield code="a">http://hdl.handle.net/10259/7468</subfield>
</datafield>
<datafield tag="024" ind2=" " ind1="8">
<subfield code="a">10.1016/j.cemconcomp.2022.104506</subfield>
</datafield>
<datafield ind1=" " ind2=" " tag="653">
<subfield code="a">Recycled aggregate structural concrete</subfield>
</datafield>
<datafield ind1=" " ind2=" " tag="653">
<subfield code="a">Reactive magnesium oxide</subfield>
</datafield>
<datafield ind1=" " ind2=" " tag="653">
<subfield code="a">Ground granulated blast furnace slag</subfield>
</datafield>
<datafield ind1=" " ind2=" " tag="653">
<subfield code="a">Shrinkage-prediction model</subfield>
</datafield>
<datafield ind1=" " ind2=" " tag="653">
<subfield code="a">Partial correction coefficient</subfield>
</datafield>
<datafield ind1=" " ind2=" " tag="653">
<subfield code="a">Prediction interaction</subfield>
</datafield>
<datafield tag="245" ind1="0" ind2="0">
<subfield code="a">Shrinkage prediction of recycled aggregate structural concrete with alternative binders through partial correction coefficients</subfield>
</datafield>
</record></metadata></record></GetRecord></OAI-PMH>